Countries That Buy the Most Candles - Statistics

General Stats
  • This quiz has been taken 27 times
  • The average score is 7 of 10
Answer Stats
$ Country % Correct
681,000,000 Germany
92%
122,000,000 Italy
92%
373,000,000 United Kingdom
92%
1,077,000,000 United States
92%
189,000,000 France
88%
142,000,000 Canada
84%
311,000,000 Netherlands
64%
182,000,000 Belgium
56%
122,000,000 Austria
48%
122,000,000 Czech Republic
36%
No matching quizzes found
Score Distribution
Percent of People with Each Score
Percentile by Number Answered
Your Score History
You have not taken this quiz